<?xml version="1.0" encoding="UTF-8"?>
<marc:record xmlns:marc="http://www.loc.gov/MARC21/slim">
   <marc:leader>00000nam a2200000 a 4500</marc:leader>
   <marc:datafield ind1="1" ind2=" " tag="100">
      <marc:subfield code="a">Haferkamp, Kai</marc:subfield>
      <marc:subfield code="4">aut</marc:subfield>
      <marc:subfield code="e">Verfasser/-in</marc:subfield>
   </marc:datafield>
   <marc:datafield ind1=" " ind2=" " tag="653">
      <marc:subfield code="a">Spielerisches Lernen: Abenteuer, Spielgeschichten, Unterhaltung</marc:subfield>
   </marc:datafield>
   <marc:datafield ind1="0" ind2="0" tag="245">
      <marc:subfield code="a">Unterwegs in der Natur</marc:subfield>
   </marc:datafield>
   <marc:datafield ind1="0" ind2="0" tag="245">
      <marc:subfield code="b">Erkunde spielerisch Tiere und Pflanzen in ihren Lebensräumen</marc:subfield>
   </marc:datafield>
   <marc:datafield ind1="0" ind2="0" tag="245">
      <marc:subfield code="c">Haferkamp, Kai</marc:subfield>
   </marc:datafield>
   <marc:datafield ind1=" " ind2="1" tag="264">
      <marc:subfield code="a">Ravensburg</marc:subfield>
      <marc:subfield code="b">Ravensburger Verlag GmbH</marc:subfield>
      <marc:subfield code="c">2022</marc:subfield>
   </marc:datafield>
   <marc:datafield ind1="1" ind2=" " tag="520">
      <marc:subfield code="a">Angaben aus der Verlagsmeldung 

 Ravensburger tiptoi Spiel 00121 Unterwegs in der Natur - Heimische Natur und Tiere entdecken, Lernspiel für Kinder ab 4 Jahren, für 1-4 Spieler  : Erkunde spielerisch Tiere und Pflanzen in ihren Lebensräumen  tiptoi® Unterwegs in der Natur  : Erkunde spielerisch Tiere und Pflanzen in ihren Lebensräumen  / von Kai Haferkamp

Wer zwitschert im Wald? Was versteckt sich im Schilf? Wo wächst das Edelweiß?
tiptoi nimmt uns mit auf eine Entdeckungsreise in die heimische Natur. Die Spieler ordnen Tiere und Pflanzen ihren Lebensräumen zu – Wiese, Teich, Wald, Berge und Meeresküste. Dabei treffen sie auf Experten wie die Jägerin oder den Wattführer, die von ihrer nachhaltigen Arbeit erzählen und durch kleine Aufgaben das Wissen der Kinder vertiefen.
Spieleanleitung in DE.</marc:subfield>
   </marc:datafield>
   <marc:datafield ind1="3" ind2=" " tag="024">
      <marc:subfield code="a">4005556001217</marc:subfield>
   </marc:datafield>
   <marc:datafield ind1=" " ind2=" " tag="041">
      <marc:subfield code="a">ger</marc:subfield>
   </marc:datafield>
   <marc:datafield ind1=" " ind2=" " tag="338">
      <marc:subfield code="a">Gegenstand</marc:subfield>
   </marc:datafield>
   <marc:datafield ind1=" " ind2=" " tag="300">
      <marc:subfield code="a">1 Spiel (1 Spielplan, 5 Lebensraum-Tafeln, 56 Suchchips, 4 Spielfiguren mit Aufstellfuß, 1 Spielanleitung ; 20min)</marc:subfield>
   </marc:datafield>
</marc:record>
